La poesia escènica de Joan Brossa / Eduard Planas
ISBN:
84-607-5294-1
Descripción Física:
390 p. : quadres ; 21 cm
Colección:
El Pla de les Comèdies ; 1
MARC
| LEADER | 00000nam a2200000Ia 4500 | ||
|---|---|---|---|
| 001 | 16036 | ||
| 008 | 160829s2002 xx 000 0 cat d | ||
| 020 | |a 84-607-5294-1 | ||
| 080 | |a L-2-36 | ||
| 100 | |a Planas, Eduard |9 26226 | ||
| 245 | |a La poesia escènica de Joan Brossa / Eduard Planas | ||
| 260 | |a Barcelona : |b Associació d'Investigació i Experimentació Teatral, |c 2002 | ||
| 300 | |a 390 p. : |b quadres ; |c 21 cm | ||
| 490 | |a El Pla de les Comèdies ; 1 | ||
| 590 | |a Apèndix | ||
| 600 | 1 | 0 | |a Brossa, Joan, |d 1919-1998 |x Crítica i interpretació |9 55228 |
| 650 | |a Brossa, Joan |x Escenificació |x 1947-2002 |9 26228 | ||
| 710 | 2 | |a Associació d'Investigació i Experimentació Teatral (Barcelona, Catalunya) |9 55513 | |
| 901 | |a Arxiu | ||
| 942 | |n 1 | ||
| 952 | |0 0 |1 0 |4 0 |6 L236 |7 1 |9 43926 |a Arxiu |b Arxiu |d 2016-12-01 |l 0 |o L-2-36 |p 16036 |r 2016-12-01 00:00:00 |w 2016-12-01 |y ARXIU | ||
| 999 | |c 46506 |d 46506 | ||